| 000 | 00674nam a2200229Ia 4500 | ||
|---|---|---|---|
| 003 | OSt | ||
| 005 | 20250205143944.0 | ||
| 008 | 210210b2007 xxu||||| |||| 00| 0 eng d | ||
| 040 | _cAL | ||
| 041 | _aKannada | ||
| 082 | _aK894.7 DUNP | ||
| 100 |
_aDUNDIRAJ (H) ಡುಂಡಿರಾಜ್ _9139306 |
||
| 245 |
_aParavagilla : Lalita prabandhagalu _b ಪರವಾಗಿಲ್ಲ: ಲಲಿತ ಪ್ರಬಂಧಗಳು |
||
| 260 |
_aBengaluru _bAnkita Pustaka _c2007 |
||
| 300 | _a164 | ||
| 650 |
_aprabandhagalu _9139307 |
||
| 650 |
_aParavagilla _9139308 |
||
| 650 |
_aLalita _9139309 |
||
| 690 |
_aKannada Humour _9139310 |
||
| 906 | _a063905 | ||
| 942 |
_2ddc _cBK |
||
| 999 |
_c139281 _d139281 |
||